La situación actual del cooperativismo en El Salvador /
Zapisane w:
| 1. autor: | |
|---|---|
| Format: | Texto |
| Etykiety: |
Dodaj etykietę
Nie ma etykietki, Dołącz pierwszą etykiete!
|
MARC
| LEADER | 00000 a a2200000 04500 | ||
|---|---|---|---|
| 001 | 42876 | ||
| 003 | |||
| 040 | |||
| 100 | |a Hernández Romero, Pedro Juan | ||
| 245 | |a La situación actual del cooperativismo en El Salvador / |c Pedro Juan Hernández Romero | ||
| 500 | |a Fecha de publicación 1991 | ||
| 773 | |g 177 páginas : tablas | ||
| 999 | |c 29807 |d 29807 | ||
